Quản trị công tác xã hội

Trình bày đại cương về quản trị công tác xã hội, cơ sở khoa học của quản trị công tác xã hội, lịch sử phát triển của các lý thuyết quản trị, nhà quản trị công tác xã hội, công tác hoạch định trong ngành công tác xã hội, tiến trình ra quyế...

Ausführliche Beschreibung

Gespeichert in:
Bibliographische Detailangaben
1. Verfasser: Lê, Chí An
Weitere Verfasser: Trường đại học Mở Thành phố Hồ Chí Minh
Format: Buch
Sprache:Undetermined
Veröffentlicht: Tp. Hồ Chí Minh Đại học Quốc gia Tp. Hồ Chí Minh 2017
Schlagworte:
Online Zugang:http://lrc.tdmu.edu.vn/opac/search/detail.asp?aID=2&ID=34077
Tags: Tag hinzufügen
Keine Tags, Fügen Sie den ersten Tag hinzu!
Thư viện lưu trữ: Trung tâm Học liệu Trường Đại học Thủ Dầu Một
LEADER 01156nam a2200217Ia 4500
001 TDMU_34077
008 210410s9999 xx 000 0 und d
082 |a 954 
090 |b L250 
100 |a Lê, Chí An 
245 0 |a Quản trị công tác xã hội 
245 0 |c Lê Chí An 
260 |a Tp. Hồ Chí Minh 
260 |b Đại học Quốc gia Tp. Hồ Chí Minh 
260 |c 2017 
300 |a 359tr. 
520 |a Trình bày đại cương về quản trị công tác xã hội, cơ sở khoa học của quản trị công tác xã hội, lịch sử phát triển của các lý thuyết quản trị, nhà quản trị công tác xã hội, công tác hoạch định trong ngành công tác xã hội, tiến trình ra quyết định của nhà quản trị công tác xã hội... 
650 |a Công tác xã hội  |x Quản trị 
700 |a Trường đại học Mở Thành phố Hồ Chí Minh 
856 |u http://lrc.tdmu.edu.vn/opac/search/detail.asp?aID=2&ID=34077 
980 |a Trung tâm Học liệu Trường Đại học Thủ Dầu Một